Essence of Nutrition (Record no. 153411)
[ view plain ]
| 000 -LEADER | |
|---|---|
| fixed length control field | 00364nam a2200145Ia 4500 |
| 008 - FIXED-LENGTH DATA ELEMENTS--GENERAL INFORMATION | |
| fixed length control field | 230411s9999 xx 000 0 und d |
| 020 ## - INTERNATIONAL STANDARD BOOK NUMBER | |
| International Standard Book Number | 81-8061-423-9 |
| 041 ## - LANGUAGE CODE | |
| Language code of text/sound track or separate title | eng |
| 082 ## - DEWEY DECIMAL CLASSIFICATION NUMBER | |
| Classification number | N/613.2/ONI/B02190 |
| 100 ## - MAIN ENTRY--PERSONAL NAME | |
| Personal name | Onila salins |
| 245 ## - TITLE STATEMENT | |
| Title | Essence of Nutrition |
| 260 ## - PUBLICATION, DISTRIBUTION, ETC. (IMPRINT) | |
| Name of publisher, distributor, etc. | Jaypee Brothers |
| Place of publication, distribution, etc. | New Delhi |
| Date of publication, distribution, etc. | 2005 |
| 300 ## - PHYSICAL DESCRIPTION | |
| Extent | 200p |
| Withdrawn status | Lost status | Damaged status | Not for loan | Collection code | Home library | Current library | Date acquired | Vendor | Cost, normal purchase price | Bill number | Total Checkouts | Full call number | Barcode | Date last seen | Date last checked out | Cost, replacement price | Bill Date | Koha item type | Original Barcode |
|---|---|---|---|---|---|---|---|---|---|---|---|---|---|---|---|---|---|---|---|
| Smt. Bakul Tambat Institute of Nursing Education | Smt. Bakul Tambat Institute of Nursing Education | 27/01/2005 | B.J.Medical Co-oprative College Stores | 125.00 | 1287 | 1 | N 613.2 ONI B02190 | BTIN-BK-2190 | 04/05/2023 | 02/05/2023 | 94.00 | 26/07/2005 | Books | B02190 | |||||
| Smt. Bakul Tambat Institute of Nursing Education | Smt. Bakul Tambat Institute of Nursing Education | 26/08/2005 | B.J.Medical Co-oprative College Stores | 135.00 | 1287 | N 613.2 ONI B02645 | BTIN-BK-2645 | 11/04/2023 | 101.00 | 26/07/2005 | Books | B02645 | |||||||
| Smt. Bakul Tambat Institute of Nursing Education | Smt. Bakul Tambat Institute of Nursing Education | 28/02/2009 | Jaypee Brothers Medical Publishers | 150.00 | 1287 | N 613.2 ONI B05667 | BTIN-BK-5667 | 11/04/2023 | 109.00 | 26/07/2005 | Books | B05667 |